The Innovator´s Dilemma : when New Technologies Cause Great Firms to Fail /

Enregistré dans:
Détails bibliographiques
Auteur principal: Christensen, Clayton M. (Auteur)
Format: Livre
Langue:anglais
Publié: Boston Harvard Business Review Press 2016
Sujets:
Tags: Ajouter un tag
Pas de tags, Soyez le premier à ajouter un tag!

MARC

LEADER 00000nam a22000003a 4500
001 0071468
003 SK-STU
005 20190204140741.1
007 ta
008 190204s ----xo-----e------000-0-----d
020 |a 978-1-63369-178-0 
040 |a STU  |b slo 
041 0 |a eng 
044 |a xxu 
100 1 |a Christensen, Clayton M.  |4 aut 
245 1 0 |a The Innovator´s Dilemma :  |b when New Technologies Cause Great Firms to Fail /  |c aut. Clayton M Christensen 
260 |a Boston  |b Harvard Business Review Press  |c 2016 
300 |a 253 s. 
650 0 7 |a inovačný manažment 
650 0 7 |a výrobný manažment 
996 |b 284M088105  |c M* 14234-1  |l MMKN  |s A  |a 24  |w 0071468_0001